|
|
|
|
| LEADER |
00000nab a2200000uu 4500 |
| 001 |
vtls011497573 |
| 003 |
SK-MaSNL |
| 005 |
20260304001403.0 |
| 008 |
230121|2003 xo |||||||||||||||||slo| |
| 015 |
|
|
|a SNBRB
|
| 035 |
|
|
|a (urnnbn)urn:nbn:sk:snk:ar-001887
|
| 035 |
|
|
|a (uuid)e1f51e9e-6bd3-4acf-b38c-e82d2d9c6dd1
|
| 035 |
|
|
|a urn:nbn:sk:snk-abdsta
|
| 040 |
|
|
|a SNKBUCL
|b slo
|c SNKBUCL
|e AACR2
|
| 041 |
0 |
|
|a slo
|
| 044 |
|
|
|a xo
|c SK
|
| 100 |
1 |
|
|a Šimko, Ján,
|d 1976-
|4 aut
|9 113514
|
| 245 |
1 |
0 |
|a After eight
|c Ján Šimko
|
| 773 |
0 |
|
|t Javisko
|g Roč. 35, č. 7 (2003), s. 68-70
|
| 958 |
|
|
|a EUIPO
|
| 958 |
|
|
|a OND
|
| 958 |
|
|
|a article20
|
| 999 |
|
|
|c 2536521
|d 2538451
|